Once Round The Sun: (Record no. 183770)

000 -LEADER
fixed length control field 00822 a2200169 4500
003 - CONTROL NUMBER IDENTIFIER
control field Nust
005 - DATE AND TIME OF LATEST TRANSACTION
control field 20230714114149.0
040 ## - CATALOGING SOURCE
Transcribing agency Nust
082 ## - DEWEY DECIMAL CLASSIFICATION NUMBER
Classification number 550,FRA
100 ## - MAIN ENTRY--PERSONAL NAME
Personal name Fraser, Ronald.
9 (RLIN) 113641
245 ## - TITLE STATEMENT
Title Once Round The Sun:
Remainder of title The story of the International Geophysical Year /
Statement of responsibility, etc. Fraser, Ronald.
260 ## - PUBLICATION, DISTRIBUTION, ETC.
Place of publication, distribution, etc. New York,
Name of publisher, distributor, etc. Macmillan
Date of publication, distribution, etc. [1958, c1957]
300 ## - PHYSICAL DESCRIPTION
Extent 160 p. illus
Other physical details . 22 cm.
505 ## - FORMATTED CONTENTS NOTE
Formatted contents note The Spinning Earth (Page-19), Climate and Weather (Page-34), Currents , Waves and Tides (Page-51), Patterns in the Outer Atmosphere (Page-60), Sunspots and Solar Flares (Page-79), A Year of Planned Observations (Page-97), Antarctica (Page-109), Division of Labor (Page-129), Rockets and Satellites (Page-144), The Summing UP (Page-159).
650 ## - SUBJECT ADDED ENTRY--TOPICAL TERM
Topical term or geographic name entry element Once round the sun .
9 (RLIN) 113642
942 ## - ADDED ENTRY ELEMENTS (KOHA)
Source of classification or shelving scheme
Koha item type Book
Call number prefix 550,FRA
Holdings
Withdrawn status Lost status Source of classification or shelving scheme Damaged status Not for loan Permanent Location Current Location Shelving location Date acquired Full call number Barcode Date last seen Price effective from Koha item type Public note
          Military College of Signals (MCS) Military College of Signals (MCS) General Stacks 12/12/2016 550,FRA MCS29674 12/08/2016 12/12/2016 Book Almirah No.77, Shelf No.5
© 2023 Central Library, National University of Sciences and Technology. All Rights Reserved.